000 00930cam a2200289 i 4500
999 _c127402
_d127402
001 3170491
003 ARRUPE
005 20180116113745.0
008 750508s1974 fr b 001 0 fre
010 _a 75505546
015 _aF***
020 _a2030703737
040 _aDLC
_cDLC
_dDLC
043 _af------
050 0 0 _aBL2400
_b.T55
082 0 0 _a299/.6
100 1 _aThomas, Louis-Vincent,
_d1922-
_938364
245 1 3 _aLa terre africaine et ses religions :
_btraditions et changements /
_cLouis-Vincent Thomas and René Luneau.
260 _aParis :
_bEditions L'Harmattan,
_c1974
300 _a335 p. ;
_c21 cm.
490 0 _aSérie Anthropologie
490 0 _aSciences Humaines et sociales
504 _aIncludes bibliographical references and index.
651 0 _aAfrica
_xReligion.
_938492
700 1 _aLuneau, René,
_ejoint author.
_938493
906 _a7
_bcbc
_corignew
_d3
_encip
_f19
_gy-gencatlg
942 _2lcc
_cMONOGRAPH